TV Comedies in 2 Words Quiz Stats

 Plays Quiz Updated Oct 5, 2015

Also try: TV Comedy by Scene
Challenge
Share
Tweet
Embed
Score 0/24 Timer 04:00
1 Play Today
Clue Series % Correct
Smelly CatFriends
88.3%
Tool TimeHome Improvement
84.9%
Dunder MifflinThe Office
81.7%
Nose TwitchingBewitched
80.7%
Nanoo NanooMork and Mindy
77.7%
Minnow CastawaysGilligan's Island
73.5%
Caltech GeniusesThe Big Bang Theory
70.2%
Nantucket AirportWings
63.9%
I'm ListeningFrasier
56%
Deluxe ApartmentThe Jeffersons
55.7%
Atlanta DecoratorsDesigning Women
55.3%
Schlemiel! Schlimazel!Laverne & Shirley
55.1%
Clue Series % Correct
Drunken ClamFamily Guy
54.8%
Grape StompingI Love Lucy
53.7%
Mel's DinerAlice
52.6%
Young RepublicanFamily Ties
52%
Brooklyn SweathogsWelcome Back, Kotter
51.1%
Bronto BurgerThe Flintstones
48%
Suit Up!How I Met Your Mother
47.5%
Junk ManSanford & Son
47.5%
Mockingbird LaneThe Munsters
38.6%
Saint OlafGolden Girls
37.7%
Inspiration PointHappy Days
33.3%
Regal BeagleThree's Company
33.2%

You're not logged in!

Compare scores with friends on all Sporcle quizzes.
Join for Free
OR
Log In

You Might Also Like...

Show Comments

Extras

Top Quizzes Today


Score Distribution

Your Account Isn't Verified!

In order to create a playlist on Sporcle, you need to verify the email address you used during registration. Go to your Sporcle Settings to finish the process.

Report this User

Report this user for behavior that violates our Community Guidelines.

Details: